000 00433nam a2200145 i 4500
001 bgj
100 1 _aSCHILLER, Friedrich.
_d(1759-1805).
245 1 0 _aTheoretische Schriften :
_bPhilosophie und Äesthetik.
_cFriedrich Schiller.
_pÜber Naive und sentimentalische Dichtung /
650 9 _aLiteratura niemiecka
040 _cBPK
041 _ager
080 _a821.112.2
942 _cKS
008 s gw f |000 0 ger
999 _c49513
_d49513
856 _uhttp://koha.tu.koszalin.pl/cgi-bin/koha/opac-detail.pl?biblionumber=49513
_yKatalog online BPK